000 00845nam a22002294a 4500
005 20080729164931.0
008 080416s2008 waua 001 0 eng
010 _aENG-91487
020 _c60.00
_a9788190741767
035 _aEN-75020
037 _bDBAD / PUB
040 _aDPL
_bEnglish
082 _a004.16
100 _aChandrasekaran, R.
245 _aDigital electonics:
_cby R. Chandrasekaran
_bsyllabus based on Periyar University /
260 _aDharmapuri
_bAkshay Publications
_c2008
270 _a27, Sundaram Street,
_bDharmapuri
300 _a152p.
_c20cm (pbk)
650 _aDigital electonics
942 _2ddc
_cEN
_mCHA
_h004.16
999 _c17522
_d17522